| 000 | 00460nam a2200145 a 4500 | ||
|---|---|---|---|
| 001 | 000031996 | ||
| 005 | 20200930063337.0 | ||
| 008 | 110707s19uu dr 000 0 spa d | ||
| 040 |
_aDO-SdBNP _bspa _cBNPHU |
||
| 100 | 1 |
_aRussin, Jonathan _958150 |
|
| 245 | 1 | 0 |
_aFormación de una compañía por acciones en la República Dominicana / _cJonathan Russin. |
| 260 |
_a[Santo Domingo] : _b[Banco de Reservas], _c[19-?]. |
||
| 300 |
_a40 p. ; _c22 cm. |
||
| 049 | _aBNPD | ||
| 999 |
_c31487 _d31487 |
||